| 000 | 01273nam a22002297a 4500 | ||
|---|---|---|---|
| 005 | 20210325191350.0 | ||
| 008 | s2531 th tha d | ||
| 041 | _atha | ||
| 090 | _aว Z699.D52 ส734ก 2531 | ||
| 100 | 0 | _aสีปาน ทรัพย์ทอง | |
| 245 | 1 | 0 | _aการศึกษาความพึงพอใจของผู้ใช้ในประเทศไทยที่มีต่อผลการสืบค้นสารนิเทศโดยระบบออนไลน์จากฐานข้อมูล Dialog |
| 260 | 3 |
_aกรุงเทพฯ : _bมหาวิทยาลัยธรรมศาสตร์, _c2531 |
|
| 300 |
_a167 หน้า : _b ตาราง ; _c 29 ซม. |
||
| 650 | 0 | 4 | _aฐานข้อมูล Dialog -- การสืบค้น -- วิจัย |
| 650 | 0 | 4 | _aฐานข้อมูล Dialog -- วิจัย |
| 650 | 0 | 4 | _aฐานข้อมูลออนไลน์ -- การสืบค้น -- วิจัย |
| 650 | 0 | 4 | _aระบบการจัดเก็บและค้นข้อสนเทศ -- วิจัย |
| 850 | _aNALT | ||
| 942 | _cRSH | ||
| 997 |
_c000000000028217 _kVC |
||
| 998 | _aNISA LUANGTONGKUM | ||
| 999 |
_c28217 _d28217 |
||